000 02148nam2a2200337 4500
001 RU\NLR\bibl\1712182
005 20260408070737.0
010 _a978-5-904729-11-0
_9500
021 _aRU
_b2010-88685
_95951
035 _a(NLR Aleph) 001703210
090 _a1233596
_c1233596
100 _a20101210d2010 |||y0rusy50 ca
101 0 _arus
102 _aRU
105 _aa |||||||||
200 0 _a6
_fВсерос. студенч. фестиваль "Учитель русской словесности"
_g[науч. ред.: Минералова И.Г.]
210 _d2010
_aБ. м.
215 _a139 с.
_cил.
300 _aВ надзаг.: М-во образования и науки Рос. Федерации, Федер. агентство по образованию, Мос. ин-т открытого образования, Моск. пед. гос. ун-т, Филол. фак.
320 _aБиблиогр. в конце ст.
461 0 _1001RU\NLR\bibl\1134359
_12001#$aЛучшая вузовская лекция$v6
_91299521
_cМосква
_d2006
_fМ-во образования и науки Рос. Федерации, Федер. агентство по образованию, Моск. пед. гос. ун-т, Филол. фак., Учеб.-науч. филол. центр
_iАкадемическая филология. Литературоведение. Лингвистика
_n[б. и.]
_o[сборник]
_tЛучшая вузовская лекция
_v6
606 1 _aРусская филология
_jСборники
_91533718
_3RU\NLR\auth\66969420
686 _aШ041.2я43
702 1 _aМинералова
_bИ. Г.
_gИрина Георгиевна
_4340
711 1 2 _a"Учитель русской словесности", всероссийский студенческий фестиваль
_d9
_eМосква
_f2009
_9840139
_3RU\NLR\AUTH\8810172158
712 0 2 _4570
_aМосковский институт открытого образования
_9593333
_3RU\NLR\AUTH\8810046834
801 0 _aRU
_bNLR
_c20101210
_gRCR
801 1 _aRU
_bNLR
_c20101210
942 _cBOOK
980 _aNB